[Event "Millionaire Qualifier 2015"]
[Site "Kingston, Jamaica"]
[Date "2015.08.09"]
[Round "5.4"]
[White "Wisdom, Daren"]
[Black "Mellace, Andrew"]
[Result "0-1"]
[WhiteElo "2004"]
[BlackElo "2073"]
[PlyCount "84"]
[EventDate "2015.08.05"]

1. e4 c5 2. Nf3 Nc6 3. d4 cxd4 4. Nxd4 g6 5. Nc3 Bg7 6. Be3 Nf6 7. Qd2 Ng4 8.
h4 Nxe3 9. fxe3 h5 10. O-O-O Ne5 11. Be2 a6 12. Rdf1 d6 13. Nf3 Qa5 14. Nxe5
Bxe5 15. Bc4 O-O 16. Qd5 Bxc3 17. bxc3 Qa3+ 18. Kd2 Be6 19. Qd3 Bxc4 20. Qxc4
Rac8 21. Qb3 Qc5 22. g4 b5 23. gxh5 Qxh5 24. Rhg1 Rc4 25. Rf4 Rfc8 26. Rg5 Qh8
27. h5 Qxc3+ 28. Qxc3 Rxc3 29. hxg6 Rxc2+ 30. Kd1 f6 31. Rh5 Rg2 32. Rfh4 Rcc2
33. Rh8+ Kg7 34. R4h6 f5 35. R8h7+ Kf6 36. Rf7+ Ke6 37. exf5+ Kd7 38. Rhh7 Rxa2
39. Rxe7+ Kc6 40. Rc7+ Kb6 41. Rc2 Raxc2 42. Rh1 Ra2 0-1

[Event "Millionaire Qualifier 2015"]
[Site "Kingston, Jamaica"]
[Date "2015.08.09"]
[Round "5.5"]
[White "Chin, Eton"]
[Black "Richards, Deborah"]
[Result "1-0"]
[WhiteElo "2027"]
[BlackElo "2002"]
[PlyCount "58"]
[EventDate "2015.08.05"]

1. Nf3 Nf6 2. d4 d5 3. Bg5 Nbd7 4. c4 e6 5. Nc3 Be7 6. Qc2 O-O 7. e3 Re8 8. Bd3
dxc4 9. Bxc4 c5 10. Rd1 cxd4 11. Rxd4 Qa5 12. O-O a6 13. Rh4 Nf8 14. e4 Ng6 15.
Rh3 b5 16. e5 bxc4 17. exf6 gxf6 18. Bd2 e5 19. Rg3 f5 20. Re1 Kh8 21. h4 f4
22. Rxg6 hxg6 23. Rxe5 Qd8 24. Qe4 Bf5 25. Qxf4 Bf6 26. Rd5 Qb8 27. Qxc4 Be6
28. Ng5 Bxd5 29. Nxd5 Qb6 1-0

[Event "Millionaire Qualifier 2015"]
[Site "Kingston, Jamaica"]
[Date "2015.08.09"]
[Round "5.6"]
[White "Holness, Mark"]
[Black "Douglas, Markland"]
[Result "1-0"]
[WhiteElo "1919"]
[BlackElo "1837"]
[PlyCount "127"]
[EventDate "2015.08.05"]

1. e4 c5 2. c3 Qc7 3. d4 cxd4 4. cxd4 a6 5. Be3 Nf6 6. Nc3 d6 7. Rc1 Qd8 8. f3
e6 9. Qd2 Nbd7 10. Bd3 Be7 11. Nge2 O-O 12. O-O b5 13. Ng3 Bb7 14. Nce2 Rc8 15.
b3 Rxc1 16. Rxc1 Qb8 17. Kf2 Rc8 18. Rc2 Rxc2 19. Qxc2 Qc8 20. Qxc8+ Bxc8 21.
Ke1 Bd8 22. Bd2 Bc7 23. Kd1 g6 24. Nf1 Bb7 25. Kc2 Kg7 26. Kb2 e5 27. Ne3 d5
28. Nxd5 Nxd5 29. exd5 Bxd5 30. Bc3 f6 31. h3 Kf7 32. Kc1 exd4 33. Bxd4 Ne5 34.
Bc2 Nc6 35. Bc5 f5 36. Kd2 Kf6 37. Ke3 g5 38. Nc3 Bf4+ 39. Kf2 Be6 40. Ne2 Be5
41. Ke3 h5 42. Bb1 f4+ 43. Kd2 Bd5 44. Nc3 Bxc3+ 45. Kxc3 g4 46. hxg4 hxg4 47.
fxg4 Bxg2 48. Kd2 Ke5 49. g5 Bd5 50. Ba3 Bg8 51. g6 Kd5 52. Ke2 a5 53. Kf3 Ke6
54. Kxf4 a4 55. bxa4 bxa4 56. Kg5 Kd7 57. Kf6 Nd4 58. Bb2 Nc6 59. Bf5+ Ke8 60.
a3 Ne7 61. Bd3 Kf8 62. Bb5 Bb3 63. g7+ Kg8 64. Kxe7 1-0

[Event "Millionaire Qualifier 2015"]
[Site "Kingston, Jamaica"]
[Date "2015.08.09"]
[Round "6.1"]
[White "Byfield, Geoffrey"]
[Black "Lorne, Malaku"]
[Result "1/2-1/2"]
[WhiteElo "2027"]
[BlackElo "2103"]
[PlyCount "86"]
[EventDate "2015.08.05"]

1. d4 Nf6 2. Nf3 d5 3. Bf4 Bf5 4. h3 e6 5. e3 Bd6 6. Bd3 Bg6 7. Ne5 O-O 8. O-O
c5 9. c3 Nc6 10. Nxg6 hxg6 11. Bxd6 Qxd6 12. f4 Rab8 13. Nd2 b5 14. Nf3 b4 15.
Rc1 Rfc8 16. Ne5 Ne7 17. g4 bxc3 18. bxc3 cxd4 19. cxd4 Qa3 20. Rxc8+ Nxc8 21.
Qc1 Qd6 22. Qc3 Ne7 23. Rc1 Ne8 24. Qa5 Rb7 25. Rb1 Rxb1+ 26. Bxb1 Qb6 27. Qxb6
axb6 28. Nd7 b5 29. Kf2 Nd6 30. Ne5 Kf8 31. Ke2 Ke8 32. Kd2 Nc4+ 33. Nxc4 bxc4
34. e4 Kd7 35. Bc2 Kc6 36. Ba4+ Kc7 37. e5 Nc6 38. Kc3 Kb6 39. h4 Kc7 40. Bc2
Kb6 41. Ba4 Kc7 42. Bb5 Kb7 43. Ba4 Kc7 1/2-1/2

[Event "Millionaire Qualifier 2015"]
[Site "Kingston, Jamaica"]
[Date "2015.08.09"]
[Round "6.2"]
[White "Chin, Eton"]
[Black "Elliott, Warren"]
[Result "0-1"]
[WhiteElo "2027"]
[BlackElo "2269"]
[PlyCount "52"]
[EventDate "2015.08.05"]

1. c4 Nf6 2. g3 g6 3. Bg2 Bg7 4. Nf3 c5 5. O-O Nc6 6. Nc3 d6 7. d3 O-O 8. Bg5
h6 9. Bd2 a6 10. Rb1 Rb8 11. a3 b5 12. Qc1 bxc4 13. dxc4 Bf5 14. Nh4 Bxb1 15.
Bxc6 Qc8 16. Nd5 Nxd5 17. Bxd5 Rxb2 18. Bxh6 Rb3 19. Qg5 e6 20. Bxg7 Kxg7 21.
e4 Qd8 22. Qxd8 Rxd8 23. Bc6 Bd3 24. Rc1 Rc8 25. Bd7 Rc7 26. Be8 Kf8 0-1

[Event "Millionaire Qualifier 2015"]
[Site "Kingston, Jamaica"]
[Date "2015.08.09"]
[Round "6.3"]
[White "Diedrick, Michael"]
[Black "Mellace, Andrew"]
[Result "0-1"]
[WhiteElo "1879"]
[BlackElo "2073"]
[PlyCount "156"]
[EventDate "2015.08.05"]

1. e4 c5 2. Nf3 Nc6 3. d4 cxd4 4. Nxd4 g6 5. Bc4 Bg7 6. Nxc6 bxc6 7. O-O d6 8.
c3 Nf6 9. e5 dxe5 10. Qb3 O-O 11. Be3 Nd5 12. Bc5 Be6 13. Na3 Rb8 14. Qc2 Rb7
15. Rad1 Qa5 16. Bb4 Qb6 17. Be2 a5 18. Nc4 Nxb4 19. cxb4 Qxb4 20. b3 a4 21.
Rb1 Rfb8 22. h3 axb3 23. Rxb3 Qc5 24. Rfb1 Rxb3 25. axb3 Rd8 26. Rd1 Rxd1+ 27.
Qxd1 Qd4 28. Qc2 Bh6 29. Qa2 Kg7 30. Qc2 Bd5 31. Kf1 f5 32. Kg1 Bf4 33. Bf1 Kf6
34. Be2 h5 35. Qa2 h4 36. Qa8 Kg7 37. Qe8 Qa1+ 38. Bf1 Bg5 39. Qd7 Kh6 40. Qe8
e4 41. Qf8+ Qg7 42. Qe8 f4 43. Na5 f3 44. Nc4 fxg2 45. Bxg2 Qd4 46. Qf8+ Kh7
47. Qb8 Bxc4 48. bxc4 Qxc4 49. Qe5 Qc1+ 50. Bf1 Qf4 51. Qc5 e3 52. Qxe3 Qxe3
53. fxe3 Bxe3+ 54. Kg2 g5 55. Kf3 Bf4 56. Ke4 Kg6 57. Be2 Kf6 58. Kd4 Bd6 59.
Bf3 c5+ 60. Kd5 Kf5 61. Bg4+ Kf4 62. Be6 Ke3 63. Bf5 Kd2 64. Kc4 Kc1 65. Be6
Kb2 66. Bf5 Ka3 67. Bd7 e5 68. Kd5 Be7 69. Bf5 Kb3 70. Kxe5 c4 71. Ke6 Bb4 72.
Kf6 Bd2 73. Be6 Kb4 74. Ke5 c3 75. Bf5 Kb3 76. Be6+ Kb2 77. Bf5 c2 78. Bxc2
Kxc2 0-1

[Event "Millionaire Qualifier 2015"]
[Site "Kingston, Jamaica"]
[Date "2015.08.09"]
[Round "6.4"]
[White "Holness, Mark"]
[Black "Wheeler, Robert"]
[Result "1/2-1/2"]
[WhiteElo "1919"]
[BlackElo "2118"]
[PlyCount "32"]
[EventDate "2015.08.05"]

1. e4 Nc6 2. d4 d5 3. exd5 Qxd5 4. Nf3 Bg4 5. Be2 e6 6. O-O Nf6 7. c3 Be7 8.
Nbd2 O-O 9. Qb3 Qxb3 10. Nxb3 Bd6 11. Re1 Nd5 12. g3 Rfe8 13. Bd2 Bf8 14. Nc1
Rad8 15. Nd3 h6 16. Rad1 Bf5 1/2-1/2

[Event "Millionaire Qualifier 2015"]
[Site "Kingston, Jamaica"]
[Date "2015.08.09"]
[Round "6.5"]
[White "Wilkinson, Ian"]
[Black "Wisdom, Daren"]
[Result "1-0"]
[WhiteElo "1875"]
[BlackElo "2004"]
[PlyCount "111"]
[EventDate "2015.08.05"]

1. e4 e5 2. Nf3 Nc6 3. Bb5 f5 4. d3 d6 5. Nc3 Nf6 6. Bg5 h6 7. Bxf6 Qxf6 8. Nd5
Qd8 9. c3 fxe4 10. dxe4 Be7 11. Qa4 Bd7 12. O-O-O O-O 13. Qc4 Kh8 14. Bxc6 bxc6
15. Ne3 a5 16. h4 a4 17. Rd2 a3 18. b3 Ra5 19. Qd3 Be6 20. Nf5 Bxf5 21. exf5
Rd5 22. Qe4 Rxd2 23. Kxd2 d5 24. Qxe5 Bd6 25. Qe2 Rxf5 26. Re1 Rf8 27. Qe6 c5
28. Kc2 d4 29. cxd4 cxd4 30. Kd3 Qa8 31. Re4 Qc6 32. Qc4 Qxc4+ 33. Kxc4 c5 34.
Re6 Rf6 35. Rxf6 gxf6 36. Ne1 Kg7 37. Nc2 Kg6 38. g4 f5 39. f3 h5 40. gxh5+
Kxh5 41. Nxa3 Kxh4 42. Nb5 Bb8 43. Kd3 Kg3 44. Ke2 f4 45. b4 d3+ 46. Kxd3 Kxf3
47. bxc5 Kg2 48. Nd4 Ba7 49. c6 Bb6 50. Ke4 Bxd4 51. c7 f3 52. c8=Q f2 53. Qg4+
Kh1 54. Qh3+ Kg1 55. Kxd4 f1=Q 56. Qxf1+ 1-0

[Event "Millionaire Qualifier 2015"]
[Site "Kingston, Jamaica"]
[Date "2015.08.09"]
[Round "6.6"]
[White "Richards, Deborah"]
[Black "Douglas, Markland"]
[Result "1-0"]
[WhiteElo "2002"]
[BlackElo "1837"]
[PlyCount "103"]
[EventDate "2015.08.05"]

1. c4 e5 2. Nc3 f5 3. Nf3 d6 4. d4 e4 5. Ng5 Be7 6. Nd5 Nf6 7. Nxe7 Qxe7 8. Nh3
O-O 9. e3 b6 10. Bd2 Bb7 11. Bc3 d5 12. Nf4 Kh8 13. h4 Nbd7 14. Be2 Rad8 15. h5
Qd6 16. Rh3 Ng4 17. Bxg4 fxg4 18. Qxg4 Nf6 19. Qg5 h6 20. Qg3 Rf7 21. c5 bxc5
22. dxc5 Qxc5 23. Ne6 Qe7 24. Nxd8 Qxd8 25. Qg6 Qe7 26. Rg3 Nh7 27. O-O-O Ng5
28. Rxg5 hxg5 29. h6 Kg8 30. Bxg7 Rxg7 31. hxg7 Qxg7 32. Qe8+ Qf8 33. Qe5 Qg7
34. Qxg7+ Kxg7 35. Rd4 Kf7 36. Ra4 a6 37. Rb4 Bc6 38. Rb8 Ke7 39. Rg8 g4 40.
Rxg4 a5 41. Rg7+ Kd8 42. g4 a4 43. b3 axb3 44. axb3 Bb5 45. b4 c6 46. Kd2 Ke8
47. Kc3 Kf8 48. Rc7 Kg8 49. Kd4 Ba4 50. Ke5 Bb5 51. Kf6 Ba4 52. g5 1-0